00491nam a2200157Ia 4500001001000000003000500010008004100015010001100056040000900067100001900076245008700095260004600182300001000228440005100238650004400289Para_5285CHAP220125s1919 xx 000 0 und d a203757 cCHAP aCaffrey, D. J. aThe european corn borer :b a menace to the contry's corn crop /c D. J. Caffrey aWashington :b Department of Agriculture a28 p. aEUA. Dept. of agriculture Farmers' bull.; 1046 aDiatraea crambidoides Maíz x Plagas